| 000 | 00578cam a2200229ua 4500 | ||
|---|---|---|---|
| 020 | _c9.00 | ||
| 041 |
_aben _h |
||
| 082 |
_a516.24 _bRAM/TR |
||
| 100 | _aRamachandhra, Menon P . | ||
| 245 |
_aPre Degree trikonomithy / _cP.Ramachandra Menon. _hTextual Documents |
||
| 250 |
_a2 / _b. |
||
| 260 |
_aThiruvananthapuram : _bState Instititute of Languages , _c1971. |
||
| 300 | _a278 ; . | ||
| 365 | _a9.00 | ||
| 504 | _a | ||
| 942 | _cBK | ||
| 999 |
_c6174 _d6174 |
||